Pluralism and democracy in India : debating the Hindu right /

Wendy Doniger and Martha Nussbaum bring together leading scholars from a wide array of disciplines to address a crucial question: How does the world's most populous democracy survive repeated assaults on its pluralistic values?

Bibliographic Details
Other Authors: Doniger, Wendy (Editor), Nussbaum, Martha C. (Martha Craven), 1947- (Editor)
Format: eBook
Language:English
Published: New York : Oxford University Press, 2015.
Subjects:
Online Access:Connect to the full text of this electronic book

MARC

Tag First Indicator Second Indicator Subfields
LEADER 00000cam a2200000 i 4500
001 in00005711921
005 20260319160918.8
006 m o d
007 cr |||||||||||
008 140616s2015 nyu fob 001 0 eng d
040 |a UAB  |b eng  |e rda  |e pn  |c UAB  |d OCLCO  |d YDXCP  |d VLB  |d OCLCQ  |d STBDS  |d FIE  |d OTZ  |d OCLCA  |d BUF  |d OCLCF  |d CEF  |d OCLCQ  |d OCLCA  |d OCL  |d OCLCO  |d OCLCQ  |d OCLCO  |d OCLCL  |d OCLCQ  |d OCLCL 
019 |a 900088706 
020 |a 9780199380947  |q (ebook) 
020 |a 0199380945  |q (ebook) 
035 |a (OCoLC)910605972  |z (OCoLC)900088706 
043 |a a-ii--- 
050 4 |a BL1215.P65  |b P63 2015eb 
082 0 4 |a 322.10954  |2 23 
049 |a TXAM 
245 0 0 |a Pluralism and democracy in India :  |b debating the Hindu right /  |c Wendy Doniger and Martha C. Nussbaum. 
264 1 |a New York :  |b Oxford University Press,  |c 2015. 
300 |a 1 online resource 
336 |a text  |b txt  |2 rdacontent 
337 |a computer  |b c  |2 rdamedia 
338 |a online resource  |b cr  |2 rdacarrier 
504 |a Includes bibliographical references and index. 
520 8 |a Wendy Doniger and Martha Nussbaum bring together leading scholars from a wide array of disciplines to address a crucial question: How does the world's most populous democracy survive repeated assaults on its pluralistic values? 
588 0 |a Online resource; title from home page (viewed on April 8, 2015). 
650 0 |a Hinduism and politics. 
650 0 |a Democracy  |x Religious aspects  |x Hinduism. 
650 0 |a Hindutva. 
650 0 |a Pluralism. 
651 0 |a India  |x Civilization. 
650 6 |a Hindouisme et politique. 
650 6 |a Intégrisme hindou. 
650 6 |a Pluralisme (Philosophie) 
651 6 |a Inde  |x Civilisation. 
650 7 |a pluralism.  |2 aat 
650 7 |a Democracy  |x Religious aspects  |x Hinduism  |2 fast 
650 7 |a Civilization  |2 fast 
650 7 |a Hinduism and politics  |2 fast 
650 7 |a Hindutva  |2 fast 
650 7 |a Pluralism  |2 fast 
651 7 |a India  |2 fast  |1 https://id.oclc.org/worldcat/entity/E39PBJmdx47cDXrRhBXHtbvPwC 
655 7 |a Electronic books.  |2 local 
700 1 |a Doniger, Wendy,  |e editor. 
700 1 |a Nussbaum, Martha C.  |q (Martha Craven),  |d 1947-  |e editor.  |1 https://id.oclc.org/worldcat/entity/E39PBJvxvGDXgCBVM3wfQ6mrv3 
758 |i has work:  |a Pluralism and democracy in India (Text)  |1 https://id.oclc.org/worldcat/entity/E39PCGtdKHvdccCjfPqtJdMjcq  |4 https://id.oclc.org/worldcat/ontology/hasWork 
776 0 8 |i Print version:  |t Pluralism and democracy in India.  |d Oxford ; New York : Oxford University Press, [2015]  |z 9780195395532  |w (DLC) 2013043629  |w (OCoLC)863127602 
856 4 0 |u http://proxy.library.tamu.edu/login?url=https://academic.oup.com/book/3014  |z Connect to the full text of this electronic book  |t 0 
936 |a BATCHLOAD 
955 |a Oxford Scholarship Online 
994 |a 92  |b TXA 
999 f f |i d20c2875-482f-45a6-ab8f-bc3e69e1dbab  |s 76738387-8ed7-46e9-8632-3cab9fff5404  |t 0 
952 f f |a Texas A&M University  |b College Station  |c Electronic Resources  |s www_evans  |d Available Online  |t 0  |e BL1215.P65 P63 2015eb  |h Library of Congress classification 
998 f f |a BL1215.P65 P63 2015eb  |t 0  |l Available Online